|
|
|
|
| LEADER |
01052nam a2200289 a 4500 |
| 001 |
4519 |
| 003 |
BD-DhAAL |
| 005 |
20150226145849.0 |
| 008 |
150226s2002 nyua b 000 0 eng d |
| 010 |
|
|
|a 2002510840
|
| 020 |
|
|
|a 0071400672
|
| 040 |
|
|
|a MEA
|c MEA
|d DLC
|d BD-DhAAL
|
| 050 |
0 |
0 |
|a HF5549.5.M63
|b G575 2002
|
| 082 |
0 |
0 |
|a 658.3/14
|2 21
|
| 100 |
1 |
|
|a Glanz, Barbara A.
|9 8800
|
| 245 |
1 |
0 |
|a Handle with care :
|b motivating and retaining your employees /
|c Barbara A. Glanz.
|
| 246 |
1 |
4 |
|a Handle with care :
|b motivating and retaining employees
|
| 260 |
|
|
|a New York :
|b McGraw-Hill,
|c c2002.
|
| 300 |
|
|
|a xx, 316 p. :
|b ill. ;
|c 21 cm.
|
| 504 |
|
|
|a Includes bibliographical references (p. [310]-314)
|
| 541 |
|
|
|e 4519
|
| 650 |
|
0 |
|a Employee motivation.
|9 8801
|
| 650 |
|
0 |
|a Employee retention.
|9 8802
|
| 650 |
|
0 |
|a Employee morale.
|9 8803
|
| 942 |
|
|
|2 ddc
|c BK
|
| 999 |
|
|
|c 33801
|d 33801
|
| 952 |
|
|
|0 0
|1 0
|2 ddc
|4 0
|6 658_314000000000000_GLA
|7 0
|9 52782
|a SCL
|b SCL
|c GEN
|d 2015-02-26
|g 1250.00
|l 1
|m 7
|o 658.314 GLA
|p 3020004519
|r 2024-04-03
|s 2024-01-21
|t 1
|w 2015-02-26
|y BK
|